[Event "Wch Seniors 65 29th"]
[Site "Bucharest"]
[Date "2019.11.21"]
[Round "9"]
[White "Tolda Andreu, Eloi"]
[Black "Boda, Relu"]
[Result "1-0"]
[WhiteElo "1847"]
[BlackElo "1591"]
[PlyCount "49"]
[EventDate "2019.11.12"]
[EventType "swiss"]
[EventRounds "11"]
[EventCountry "ROU"]
[SourceTitle "CBM 193 Extra"]
[Source "ChessBase"]
[SourceDate "2020.01.31"]
[SourceVersion "1"]
[SourceVersionDate "2020.01.31"]
[SourceQuality "1"]

1. Nf3 d5 2. c4 Nf6 3. cxd5 Nxd5 4. Nc3 Nc6 5. Nxd5 Qxd5 6. g3 Bf5 7. d3 0-0-0 8. Bg2 e6 9. 0-0 Bc5 10. Bd2 Bg4 11. Bc3 f6 12. Ne5 Bxe2 13. Qxe2 Qd6 14. Nf7 Qe7 15. Nxh8 Rxh8 16. d4 Nxd4 17. Bxd4 Bxd4 18. Rad1 Bb6 19. Bh3 Re8 20. Rfe1 c6 21. Qxe6+ Qxe6 22. Rxe6 Rxe6 23. Bxe6+ Kc7 24. Rd7+ Kb8 25. Rxg7 1-0

[Event "Wch Seniors 65 29th"]
[Site "Bucharest"]
[Date "2019.11.12"]
[Round "1"]
[White "Serra Olives, Tomas"]
[Black "Tolda Andreu, Eloi"]
[Result "1-0"]
[WhiteElo "2147"]
[BlackElo "1847"]
[PlyCount "47"]
[EventDate "2019.11.12"]
[EventType "swiss"]
[EventRounds "11"]
[EventCountry "ROU"]
[SourceTitle "CBM 193 Extra"]
[Source "ChessBase"]
[SourceDate "2020.01.31"]
[SourceVersion "1"]
[SourceVersionDate "2020.01.31"]
[SourceQuality "1"]

1. e4 c5 2. Nf3 Nc6 3. d4 cxd4 4. Nxd4 Nf6 5. Nc3 d6 6. Bg5 e6 7. Qd2 Be7 8. 0-0-0 a6 9. f4 Bd7 10. Be2 Qb6 11. Nb3 Na5 12. Kb1 Nxb3 13. axb3 Bb5 14. e5 dxe5 15. fxe5 Nd5 16. Nxd5 exd5 17. Bxe7 Kxe7 18. Qb4+ Ke8 19. Rxd5 Qc6 20. Rxb5 Qxg2 21. Rxb7 Qxh1+ 22. Ka2 Qxb7 23. Qxb7 Rd8 24. Bxa6 1-0

[Event "Tarragona-ch Seniors"]
[Site "Cambrils"]
[Date "2015.02.19"]
[Round "4.2"]
[White "Terreu Serra, Francesco"]
[Black "Tolda Andreu, Eloi"]
[Result "1-0"]
[WhiteElo "2069"]
[BlackElo "2080"]
[PlyCount "63"]
[EventDate "2015.01.29"]
[EventType "swiss"]
[EventRounds "8"]
[EventCountry "ESP"]
[SourceTitle "EXT 2024"]
[Source "ChessBase"]
[SourceDate "2023.10.10"]
[SourceVersion "1"]
[SourceVersionDate "2023.10.10"]
[SourceQuality "1"]

1. d4 Nf6 2. Nf3 c5 3. d5 e6 4. Nc3 d6 5. e4 Be7 6. Bb5+ Bd7 7. dxe6 fxe6 8. e5 dxe5 9. Nxe5 0-0 10. Nxd7 Nbxd7 11. Bc4 Qb6 12. Qe2 Nd5 13. Bxd5 exd5 14. Nxd5 Qd6 15. Nxe7+ Kh8 16. 0-0 Rae8 17. Bg5 Nf6 18. Nf5 Qd5 19. Qd3 Qe5 20. Bxf6 Qxf6 21. Ng3 Rd8 22. Qc3 Qg5 23. Rad1 Rde8 24. Rfe1 Qf4 25. Rxe8 Qxf2+ 26. Kh1 Rxe8 27. Rf1 Qd4 28. Qxd4 cxd4 29. Ne2 d3 30. cxd3 Kg8 31. Nc3 Re3 32. Rd1 1-0

[Event "Tarragona-ch Seniors"]
[Site "Cambrils"]
[Date "2015.02.05"]
[Round "2.5"]
[White "Cusido Rodriguez, Joan"]
[Black "Tolda Andreu, Eloi"]
[Result "0-1"]
[WhiteElo "1934"]
[BlackElo "2080"]
[PlyCount "71"]
[EventDate "2015.01.29"]
[EventType "swiss"]
[EventRounds "8"]
[EventCountry "ESP"]
[SourceTitle "EXT 2024"]
[Source "ChessBase"]
[SourceDate "2023.10.10"]
[SourceVersion "1"]
[SourceVersionDate "2023.10.10"]
[SourceQuality "1"]

1. d4 Nf6 2. Nc3 c5 3. d5 e6 4. dxe6 fxe6 5. e4 Nc6 6. Nf3 d5 7. exd5 exd5 8. Bg5 Be6 9. Qe2 Qd7 10. Ne5 Nxe5 11. Qxe5 Bd6 12. Qe2 0-0 13. 0-0-0 a6 14. Bxf6 Rxf6 15. Kb1 Qf7 16. f3 Re8 17. Qf2 b5 18. b3 Be5 19. Ne2 Bf5 20. f4 Bd6 21. g3 Rfe6 22. h3 Be4 23. Rh2 Qf6 24. Rd2 c4 25. Nd4 Bc5 26. Kc1 cxb3 27. axb3 Rc8 28. g4 Rec6 29. g5 Bxd4 30. gxf6 Bxf2 31. Rhxf2 Rxf6 32. Bd3 Rcf8 33. f5 Rxf5 34. Rxf5 Rxf5 35. Re2 Bxd3 36. cxd3 0-1

[Event "Amposta Balague Memorial 1st"]
[Site "Amposta"]
[Date "2014.07.26"]
[Round "6"]
[White "Tolda Andreu, Eloi"]
[Black "Baquedano Coarasa, Pablo"]
[Result "0-1"]
[WhiteElo "1924"]
[BlackElo "1707"]
[PlyCount "88"]
[EventDate "2014.07.24"]
[EventType "swiss"]
[EventRounds "7"]
[EventCountry "ESP"]
[SourceTitle "CBM 161 Extra"]
[Source "ChessBase"]
[SourceDate "2014.08.29"]
[SourceVersion "1"]
[SourceVersionDate "2014.08.29"]
[SourceQuality "1"]

1. c4 e5 2. Nc3 Nc6 3. g3 f5 4. Bg2 Nf6 5. e3 Bc5 6. Nge2 d6 7. 0-0 0-0 8. d4 Bb6 9. Na4 Qe7 10. a3 Nd8 11. b4 c6 12. Nxb6 axb6 13. Nc3 e4 14. Qb3 Nf7 15. f3 exf3 16. Bxf3 Ne4 17. Nxe4 fxe4 18. Bg2 Ng5 19. Rxf8+ Qxf8 20. Qc2 Nf3+ 21. Bxf3 Qxf3 22. Ra2 Be6 23. Qe2 g5 24. Qxf3 exf3 25. Kf2 Bxc4 26. Rc2 Bd5 27. Bb2 g4 28. Rd2 Kf7 29. Rd1 Be6 30. Rc1 Rc8 31. e4 c5 32. dxc5 bxc5 33. bxc5 Rxc5 34. Rxc5 dxc5 35. Ke3 b5 36. Bc3 Ke7 37. e5 Kd7 38. Be1 Kc6 39. Ke4 b4 40. axb4 cxb4 41. Ke3 Kb5 42. Kd3 Ka4 43. Kc2 Ka3 44. Bf2 b3+ 0-1

[Event "Tarragona Province-ch Seniors"]
[Site "Salou"]
[Date "2014.03.06"]
[Round "6"]
[White "Tolda Andreu, Eloi"]
[Black "Buxade Roca, Guillermo"]
[Result "1/2-1/2"]
[WhiteElo "2069"]
[BlackElo "2231"]
[PlyCount "142"]
[EventDate "2014.01.30"]
[EventType "swiss"]
[EventRounds "8"]
[EventCountry "ESP"]
[SourceTitle "EXT 2024"]
[Source "ChessBase"]
[SourceDate "2023.10.10"]
[SourceVersion "1"]
[SourceVersionDate "2023.10.10"]
[SourceQuality "1"]

1. Nf3 c5 2. c4 Nc6 3. Nc3 g6 4. g3 Bg7 5. Bg2 e6 6. 0-0 Nge7 7. d3 0-0 8. Bd2 a6 9. Qc1 Re8 10. Bh6 Bh8 11. Rb1 Nf5 12. Bd2 d5 13. Re1 Rb8 14. Na4 b6 15. Bc3 d4 16. Bd2 Bd7 17. a3 a5 18. Qc2 Qe7 19. e4 dxe3 20. fxe3 Red8 21. Nc3 Be8 22. Nb5 Nd6 23. Bc3 e5 24. b3 Nxb5 25. cxb5 Na7 26. a4 Nc8 27. Rbd1 Bd7 28. Qb2 Re8 29. Nd2 Bg4 30. Nf3 Nd6 31. h3 Bxf3 32. Bxf3 Nf5 33. g4 Qg5 34. Qf2 h5 35. e4 hxg4 36. Bxg4 Nh6 37. Rf1 f5 38. Bd2 f4 39. Qf3 Nxg4 40. hxg4 Bf6 41. Kg2 Kg7 42. Rh1 Rh8 43. Rdf1 Rbd8 44. Bc3 Rxh1 45. Rxh1 Rh8 46. Rxh8 Kxh8 47. Qh3+ Kg7 48. Kf3 Be7 49. Qh2 Qf6 50. Qb2 Bd6 51. Qh2 Bc7 52. Qd2 Kf7 53. Qh2 Kg8 54. Qd2 Qh4 55. Qg2 Kf7 56. Bd2 Qd8 57. Ke2 Qd4 58. Qh1 Kg7 59. g5 Kg8 60. Qh3 Bd8 61. Qg4 Qd6 62. Bc3 Kf7 63. Qh4 Kg8 64. Qg4 Qe7 65. Qc8 Qxg5 66. Qe6+ Kf8 67. Bxe5 Qg2+ 68. Ke1 f3 69. Qd6+ Kf7 70. Qd5+ Ke8 71. Qc6+ Kf7 1/2-1/2

[Event "Tarragona Province-ch Seniors"]
[Site "Salou"]
[Date "2014.02.20"]
[Round "4"]
[White "Tolda Andreu, Eloi"]
[Black "Duran Vallverdu, Juan"]
[Result "1/2-1/2"]
[WhiteElo "2069"]
[BlackElo "2117"]
[PlyCount "122"]
[EventDate "2014.01.30"]
[EventType "swiss"]
[EventRounds "8"]
[EventCountry "ESP"]
[SourceTitle "EXT 2024"]
[Source "ChessBase"]
[SourceDate "2023.10.10"]
[SourceVersion "1"]
[SourceVersionDate "2023.10.10"]
[SourceQuality "1"]

1. c4 Nf6 2. Nc3 g6 3. Nf3 Bg7 4. g3 0-0 5. Bg2 d6 6. 0-0 c5 7. d3 Nc6 8. Bd2 a6 9. Qc1 Rb8 10. Bh6 Bg4 11. Bxg7 Kxg7 12. Re1 Qd7 13. Rb1 b5 14. cxb5 axb5 15. a3 Rfc8 16. b4 cxb4 17. axb4 d5 18. Qb2 Kg8 19. Red1 Qd6 20. h3 Bxf3 21. Bxf3 Nxb4 22. Rdc1 d4 23. Ne4 Rxc1+ 24. Rxc1 Nxe4 25. Bxe4 e5 26. Qa3 Qe7 27. Qa5 Qd6 28. Qa7 Rf8 29. Rb1 Nd5 30. Rxb5 Nc3 31. Rb6 Qd8 32. Bf3 Qg5 33. Qa3 Qd2 34. Kg2 Qe1 35. Qb4 h5 36. h4 Qc1 37. Rb8 Qh6 38. Qd6 Rxb8 39. Qxb8+ Qf8 40. Qxe5 Qb4 41. Qf4 Qc5 42. Qf6 Nb5 43. Qc6 Qxc6 44. Bxc6 Nc3 45. e4 f6 46. f4 Kf7 47. Kf3 Ke7 48. g4 hxg4+ 49. Kxg4 Ke6 50. f5+ gxf5+ 51. exf5+ Kf7 52. Kf3 Kg7 53. Kf2 Kh6 54. Bf3 Nb5 55. Bg4 Nd6 56. Ke2 Nf7 57. Kd2 Ne5 58. Bd1 Kg7 59. Be2 Nf7 60. Bf3 Ne5 61. Ke2 Kh6 1/2-1/2

[Event "Tarragona Province-ch Seniors"]
[Site "Salou"]
[Date "2014.02.06"]
[Round "2"]
[White "Llorach Gracia, Tomas"]
[Black "Tolda Andreu, Eloi"]
[Result "0-1"]
[WhiteElo "1700"]
[BlackElo "2069"]
[PlyCount "82"]
[EventDate "2014.01.30"]
[EventType "swiss"]
[EventRounds "8"]
[EventCountry "ESP"]
[SourceTitle "EXT 2024"]
[Source "ChessBase"]
[SourceDate "2023.10.10"]
[SourceVersion "1"]
[SourceVersionDate "2023.10.10"]
[SourceQuality "1"]

1. e4 c5 2. Nf3 d6 3. d4 cxd4 4. Nxd4 Nf6 5. Nc3 g6 6. Be2 Bg7 7. 0-0 0-0 8. Bg5 Nc6 9. Nxc6 bxc6 10. f3 Qb6+ 11. Kh1 Qxb2 12. Bd2 Qb7 13. Rb1 Qc7 14. a4 Bd7 15. Ba6 Rab8 16. Be2 Rxb1 17. Qxb1 Rb8 18. Qc1 d5 19. exd5 cxd5 20. Nb5 Bxb5 21. axb5 Rc8 22. Bd3 Nd7 23. Bb4 Ne5 24. Qd1 Nxd3 25. Qxd3 e6 26. g3 Qc4 27. Qxc4 Rxc4 28. Be1 Rxc2 29. Bf2 d4 30. Kg1 Rc7 31. Rb1 Rb7 32. Rc1 e5 33. f4 f6 34. fxe5 fxe5 35. Rc8+ Kf7 36. Rc5 Ke6 37. Rc6+ Kd5 38. Rc1 Bf8 39. Kg2 Bc5 40. Kf3 Rxb5 41. Be1 e4+ 0-1